| 000 | 00465nam a2200181Ia 4500 | ||
|---|---|---|---|
| 001 | 1269 | ||
| 005 | 20260306140619.0 | ||
| 008 | 260306t2024||||xx |||||||||||||| ||spa|| | ||
| 041 | _aESP | ||
| 082 |
_a190 _bN97 |
||
| 100 |
_aNussbaum, Martha C., _eAUT |
||
| 245 | 0 |
_aSin fines de lucro : _bpor qué la democracia necesita de las humanidades |
|
| 260 | _c2024 | ||
| 300 |
_a199 páginas : _c20 cm. |
||
| 650 | _aGEN | ||
| 654 | _aCHU | ||
| 942 |
_cLIB _dJUS _fJUS _2ddc _n |
||
| 999 |
_c1269 _d1269 |
||